Альтернатива полужестким радиочастотным коаксиальным кабелям; Современные технологии, экономика и образование

Dettagli Bibliografici
Parent link:Современные технологии, экономика и образование.— 2020.— [С. 58-59]
Autore principale: Леонов А. П. Андрей Петрович
Ente Autore: Национальный исследовательский Томский политехнический университет Инженерная школа энергетики Отделение электроэнергетики и электротехники
Altri autori: Муравьев М. А.
Riassunto:Заглавие с титульного экрана
The article provides information about the advantages of using a radio-frequency coaxial cable with a tin-plated outer conductor and the prospects for its development.
Lingua:russo
Pubblicazione: 2020
Soggetti:
Accesso online:http://earchive.tpu.ru/handle/11683/64635
Natura: MixedMaterials Elettronico Capitolo di libro
KOHA link:https://koha.lib.tpu.ru/cgi-bin/koha/opac-detail.pl?biblionumber=632602

MARC

LEADER 00000naa2a2200000 4500
001 632602
005 20231221140231.0
035 |a (RuTPU)RU\TPU\conf\34323 
035 |a RU\TPU\conf\34322 
090 |a 632602 
100 |a 20210225d2020 k y0rusy50 ca 
101 0 |a rus 
102 |a RU 
105 |a y z 101zy 
135 |a drgn ---uucaa 
181 0 |a i  
182 0 |a b 
200 1 |a Альтернатива полужестким радиочастотным коаксиальным кабелям  |d Alternative to semi-frequency radio frequency coaxial cables  |f А. П. Леонов, М. А. Муравьев 
203 |a Текст  |c электронный 
300 |a Заглавие с титульного экрана 
320 |a [Библиогр.: с. 59 (3 назв.)] 
330 |a The article provides information about the advantages of using a radio-frequency coaxial cable with a tin-plated outer conductor and the prospects for its development. 
463 1 |0 (RuTPU)RU\TPU\conf\34302  |t Современные технологии, экономика и образование  |o сборник материалов II Всероссийской научно-методической конференции, г. Томск, 2-4 сентября 2020 г.  |f Национальный исследовательский Томский политехнический университет ; под ред. А. Г. Фефеловой, Е. А. Покровской, И. О. Болотиной [и др.]  |v [С. 58-59]  |d 2020 
510 1 |a Alternative to semi-frequency radio frequency coaxial cables  |z eng 
610 1 |a электронный ресурс 
610 1 |a труды учёных ТПУ 
610 1 |a радиочастотные кабели 
610 1 |a коаксиальные кабели 
610 1 |a преимущества 
610 1 |a проводники 
610 1 |a перспективы развития 
700 1 |a Леонов  |b А. П.  |c специалист в области электротехники  |c доцент Томского политехнического университета, кандидат технических наук  |f 1974-  |g Андрей Петрович  |3 (RuTPU)RU\TPU\pers\27883  |9 12899 
701 1 |a Муравьев  |b М. А. 
712 0 2 |a Национальный исследовательский Томский политехнический университет  |b Инженерная школа энергетики  |b Отделение электроэнергетики и электротехники  |3 (RuTPU)RU\TPU\col\23505 
801 2 |a RU  |b 63413507  |c 20210305  |g RCR 
856 4 |u http://earchive.tpu.ru/handle/11683/64635 
942 |c BK